00474nam a2200157Ia 45000010006000000050017000060080041000230410008000640820020000721000038000922450133001302600009002633000028002726500008003006540008003082118620260306172900.0260306t2020||||xx |||||||||||||| ||spa|| aESP a344JbY991 T. 2 aYvancovich Vásquez, BrankoeAUT 0aCompendio de jurisprudencia vinculante penal y procesal penal:bnuevos precedentes, acuerdos plenarios, doctrina jurisprudencial c2020 a541 páginas :c25 cm. aGEN aCDE